Sklepy Port Łódź - Statystyki

Ogólne statystyki
  • Ten quiz został rozwiązany 21 razy
  • Średni wynik to 20 z 144
Statystyki odpowiedzi
Hint Odpowiedź % Poprawnych
Meble IKEA
89%
Biżuteria Apart
67%
Supermarket Biedronka
67%
Książki, gry, zabawy Empik
67%
Moda H&M
67%
Moda C&A
56%
Perfumeria Douglas
56%
Moda Reserved
56%
Moda Bershka
44%
Obuwie CCC
44%
Telekomunikacja Orange
44%
Uroda Rossmann
44%
RTV/AGD RTV Euro AGD
44%
Perfumeria Sephora
44%
Obuwie Deichmann
33%
Uroda Hebe
33%
Dom Home&You
33%
Artykuły budowlane Leroy Merlin
33%
Telekomunikacja Play
33%
Telekomunikacja Plus
33%
Biuro podróży Rainbow
33%
Moda Sinsay
33%
Telekomunikacja T-Mobile
33%
Okulista Vision Express
33%
Moda Zara
33%
Telewizja Canal+
22%
Produkty zagraniczne Dealz
22%
Moda Diverse
22%
Moda Etam
22%
Firany Eurofirany
22%
Fryzjer Fryzjerek
22%
Moda HalfPrice
22%
Moda House
22%
Zoolog Kakadu
22%
RTV/AGD Media Markt
22%
Moda Mohito
22%
Moda Stradivarius
22%
Zegarki Swiss
22%
Etui Teleakces
22%
Różne TK Maxx
22%
Bielizna Triumph
22%
Biuro podróży TUI
22%
Walizki Wittchen
22%
Biżuteria W. Kruk
22%
Sklep franczyzowy Żabka
22%
Moda 4F
11%
Dom jubilerski A&A
11%
Podłogi, drzwi Bel-Pol
11%
Moda Bytom
11%
Herbaciarnia Czas na herbatę
11%
Materace DlaSpania
11%
Zegarki Domańscy
11%
Siłownia FitFabric
11%
Bielizna Gatta
11%
Restauracja IKEA Bistro
11%
Restauracja IKEA Restauracja
11%
Bielizna Intimissimi
11%
Biuro podróży Itaka
11%
Dom Jysk
11%
Bank mBank
11%
Moda New Yorker
11%
Biżuteria OCH!
11%
Moda Ochnik
11%
Okulista Paris Optique
11%
Gry, zabawy, usługi pocztowe, punkt zbiórki elektrośmieci Poczta Polska
11%
Mycie ubrań Pralnia Panda
11%
Obuwie Ryłko
11%
Elektronika, sklep firmowy Samsung
11%
Materace Selene
11%
Produkty szwedzkie Sklepik Szwedzki
11%
Zabawki Smyk
11%
Sport Sports Direct
11%
Apteka Super-Pharm
11%
Różne Tedi
11%
Etui Teleakcesoria
11%
Etui Teletorium
11%
Zegarki Time Trend
11%
Ubrania Vistula
11%
Biuro podróży Wakacje,pl
11%
Obuwie Wojas
11%
Biżuteria Yes
11%
Alkohole Bepo
0%
Okna, drzwi Budvar
0%
Bielizna damska Calzedonia
0%
Moda Carry
0%
Akcesoria męskie Dobrze dodane
0%
Usługi kurierskie DPD Pickup
0%
Obuwie Ecco
0%
Bielizna Esotiq
0%
Bankomat Euronet
0%
E-Papierosy Evapify
0%
Moda męska Evenemen
0%
Różne Flying Tiger
0%
Moda gattaia&vanilla
0%
Uroda Golden Rose
0%
Moda Greenpoint
0%
Dom H&M Home
0%
Dom Homla
0%
Uroda Inglot
0%
Kiosk Inmedio
0%
E-Papierosy Inspiration Store
0%
E-Papierosy IQOS
0%
Moda męska Jack&Jones
0%
Waluty Kantor
0%
Moda Kappahl
0%
Moda Kazar
0%
Dom Kik
0%
Bielizna Knittex
0%
Okulista Kodano
0%
Moda damska La La
0%
Moda Lavard
0%
Moda Lee Wrangler
0%
Biżuteria Lilou
0%
Loteria Lotto
0%
Moda Makalu
0%
Salon samochodów Hyundai Marvel
0%
Moda Medicine
0%
Moda Monnari
0%
Uroda, zdrowie, welness Organique
0%
Usługi kurierskie Paczkomat Inpost
0%
Biżuteria Pandora
0%
Zegarki Parfois
0%
Hobby Pasmanteria Wojtek
0%
Moda Pawo
0%
Dom Pepco
0%
Figloraj Port Łódź Junior
0%
Moda Pull&Bear
0%
Sport Regatta
0%
Perfumeria Sillage
0%
Moda Sizeer
0%
Dom mody Skórska
0%
Automat z produktami medycznymi Soczewkomat
0%
Elektronika, sklep firmowy Sony Centre
0%
Uroda Sorvella
0%
Księgarnia Świat Książki
0%
Moda Tattum
0%
Biżuteria Tous
0%
Moda Venezia
0%
Moda Villaro
0%
Magazyny na wynajem VIP BOX
0%
Moda Wólczanka
0%
Karty podarunkowe Wyjątkowy Prezent
0%
Uroda Yves Rocher
0%
Uroda Ziaja
0%
Nie znaleziono quizów pasujących do podanych kryteriów
Rozkład punktacji
Procent ludzi z każdym wynikiem
Percentyl według liczby udzielonych odpowiedzi
Twoja historia wyników
Nie rozwiązałeś tego quizu